| 000 | 00477nam a2200181Ia 4500 | ||
|---|---|---|---|
| 003 | LK-CoDNM | ||
| 005 | 20240730152246.0 | ||
| 008 | 010623t1964 xxu||||| |||| 00| 1 eng d | ||
| 040 |
_aLK-CoDNM _dLK-CoDNM _eLK-CoDNM |
||
| 041 | _aeng | ||
| 080 |
_a8 _bJJ44 |
||
| 100 | _aNimkoff,Meyer.F. | ||
| 245 | _aA hand book of Sociology | ||
| 260 |
_bRoutledge and Kegan Paul Ltd _aLondon _c1964 |
||
| 300 | _bxii, 644p. : ill ; 22 cm | ||
| 700 | _aOgburn,William.F. | ||
| 942 | _cBK | ||
| 999 |
_c106482 _d106482 |
||